Пеностеклокристаллические материалы повышенной механической прочности на основе природного кремнеземистого сырья: автореферат диссертации на соискание ученой степени кандидата технических наук; спец. 05.17.11

Détails bibliographiques
Auteur principal: Елистратова А. В. Анна Васильевна
Collectivité auteur: Национальный исследовательский Томский политехнический университет (ТПУ) Кафедра технологии силикатов и наноматериалов
Autres auteurs: Казьмина О. В. Ольга Викторовна (научный руководитель)
Résumé:Защита сост. 18.12.2012 г.
Langue:russe
Publié: Томск, 2012
Sujets:
Format: Livre
KOHA link:https://koha.lib.tpu.ru/cgi-bin/koha/opac-detail.pl?biblionumber=227241

MARC

LEADER 00000nam0a2200000 4500
001 227241
005 20240119151421.0
035 |a (RuTPU)RU\TPU\book\247656 
090 |a 227241 
100 |a 20121204d2012 k y0rusy50 ca 
101 0 |a rus 
102 |a RU 
105 |a a dm 001zy 
200 1 |a Пеностеклокристаллические материалы повышенной механической прочности на основе природного кремнеземистого сырья  |e автореферат диссертации на соискание ученой степени кандидата технических наук  |e спец. 05.17.11  |f А. В. Елистратова  |g Национальный исследовательский Томский политехнический университет (ТПУ), Кафедра технологии силикатов и наноматериалов ; науч. рук. О. В. Казьмина 
210 |a Томск  |d 2012 
215 |a 22 с.  |c ил. 
300 |a Защита сост. 18.12.2012 г. 
320 |a Библиогр.: с. 20-22 (24 назв.). 
452 1 |0 (RuTPU)RU\TPU\book\246988  |t Пеностеклокристаллические материалы повышенной механической прочности на основе природного кремнеземистого сырья  |o автореферат диссертации на соискание ученой степени кандидата технических наук  |o спец. 05.17.11  |f А. В. Елистратова  |g Национальный исследовательский Томский политехнический университет (ТПУ) ; науч. рук. О. В. Казьмина  |c Томск  |d 2012  |a  Елистратова, Анна Васильевна 
606 1 |a Пеностекло  |2 stltpush  |3 (RuTPU)RU\TPU\subj\34671 
610 1 |a пеностекольные материалы 
610 1 |a кремнесодержащее сырье 
610 1 |a использование 
610 1 |a стеклогранулят 
610 1 |a синтез 
610 1 |a технологические свойства 
610 1 |a термообработка 
610 1 |a кристаллизационные процессы 
610 1 |a пеностеклокристаллические материалы 
610 1 |a изготовление 
610 1 |a авторефераты диссертаций 
610 1 |a труды учёных ТПУ 
675 |a 666.189.3(04)  |v 3 
686 |a 05.17.11  |2 oksvnk 
700 1 |a Елистратова  |b А. В.  |c химик-технолог  |c инженер Томского политехнического университета  |g Анна Васильевна  |3 (RuTPU)RU\TPU\pers\30152 
702 1 |a Казьмина  |b О. В.  |c химик-технолог  |c профессор Томского политехнического университета, доктор технических наук  |f 1967-  |g Ольга Викторовна  |3 (RuTPU)RU\TPU\pers\26196  |4 727 
712 0 2 |a Национальный исследовательский Томский политехнический университет (ТПУ)  |b Кафедра технологии силикатов и наноматериалов  |c (2009- )  |3 (RuTPU)RU\TPU\col\15902 
801 1 |a RU  |b 63413507  |c 20121204 
801 2 |a RU  |b 63413507  |c 20130131  |g RCR 
942 |c BK